Torschützenliste der Fußball-Bundesliga 2017-2018 - Statistiken

Allgemein
  • Dieses Quiz wurde 85 mal gespielt
  • Das Durchschnittsergebnis liegt bei 8 aus 12
Antwortstatistiken
Tore Nationalität Verein Spieler % Korrekt
29 Polen FC Bayern München Robert Lewandowski
100%
13 Gabun Borussia Dortmund Pierre-Emerick Aubameyang⁠
93%
13 Deutschland RB Leipzig Timo Werner
92%
13 Kroatien TSG 1899 Hoffenheim Andrej Kramarić
91%
15 Deutschland SC Freiburg Nils Petersen
85%
12 Island FC Augsburg Alfreð Finnbogason
67%
12 Elfenbeinküste Hertha BSC Salomon Kalou
67%
13 Österreich FC Augsburg Michael Gregoritsch
64%
12 Deutschland FC Bayern München⁠ Sandro Wagner
55%
14 Deutschland Bayer 04 Leverkusen Kevin Volland
51%
14 Deutschland Hannover 96 Niclas Füllkrug
48%
14 Deutschland TSG 1899 Hoffenheim Mark Uth
16%
Keine übereinstimmenden Quizze gefunden
Verteilung der Resultate
Anzahl Personen mit jedem Resultat
Perzentil nach korrekt beantworteten Fragen
Ihre Resultats-Entwicklung
Sie haben dieses Quiz noch nicht gespielt